Reprezentacje na Mistrzostwach Świata 2014 - Statystyki

Ogólne statystyki
  • Ten quiz został rozwiązany 489 razy
  • Średni wynik to 24 z 32
Statystyki odpowiedzi
Grupa A % Poprawnych
Brazylia
98%
Argentyna
96%
Niemcy
94%
Hiszpania
92%
Anglia
90%
Francja
88%
Portugalia
88%
Holandia
87%
Włochy
87%
Japonia
86%
Urugwaj
85%
Rosja
84%
Stany Zjednoczone
83%
Kolumbia
82%
Meksyk
80%
Chorwacja
79%
Belgia
78%
Korea Południowa
78%
Szwajcaria
77%
Chile
76%
Australia
74%
Kostaryka
74%
Ghana
67%
Kamerun
65%
Nigeria
65%
Grecja
64%
Iran
61%
Ekwador
56%
Algieria
55%
Wybrzeże Kości Słoniowej
54%
Honduras
48%
Bośnia i Hercegowina
42%
Nie znaleziono quizów pasujących do podanych kryteriów
Rozkład punktacji
Procent ludzi z każdym wynikiem
Percentyl według liczby udzielonych odpowiedzi
Twoja historia wyników
Nie rozwiązałeś tego quizu